Super Bowl - výnimočná udalosť vo svete športu a zážitkového marketingu

Cieľom príspevku je poukázať na súčasné trendy zážitkového marketingu ako alternatívnej paradigmy v marketingu a marketingovej komunikácii, ktorá otvára nové možnosti ako emocionálne a interaktívne pristupovať k zákazníkovi zároveň. Povedomie o značke cieľových skupín sa tak zvyšuje vďaka evokácii š...

Full description

Saved in:
Bibliographic Details
Main Author: Štrbová, Edita
Format: Book Chapter
Language:Slovak
Subjects:
Tags: Add Tag
No Tags, Be the first to tag this record!

MARC

LEADER 00000naa a2200000 4500
001 0303052
005 20240710115853.5
041 0 |a slo 
044 |a CZ 
245 1 0 |a Super Bowl - výnimočná udalosť vo svete športu a zážitkového marketingu  |c Edita Štrbová 
520 |a Cieľom príspevku je poukázať na súčasné trendy zážitkového marketingu ako alternatívnej paradigmy v marketingu a marketingovej komunikácii, ktorá otvára nové možnosti ako emocionálne a interaktívne pristupovať k zákazníkovi zároveň. Povedomie o značke cieľových skupín sa tak zvyšuje vďaka evokácii špecifických zážitkov, s ktorými sa snaží vymaniť z príliš nasýteného konkurenčného prostredia. Prípadová štúdia mega podujatia Super Bowl poskytuje pohľad na aktuálne trendy v tejto oblasti marketingu. 
610 2 0 |a marketing 
610 2 0 |a spokojnosť zákazníkov 
610 2 0 |a psychológia 
610 2 0 |a emócie 
100 1 |a Štrbová, Edita